00259nam a2200109Ia 4500100002000000654002800020245002800048260004500076082000800121300000800129546001200137 aKulkarni/ A.M.  aEngineering Mathematics aEngineering Mathematics bCentral Techno PublicationaNagpurc1999 a519 a588 aENGLISH